| 000 | 00625nam a22002057a 4500 | ||
|---|---|---|---|
| 999 |
_c3727 _d3727 |
||
| 003 | AR-CdUCM | ||
| 008 | 190307b ||||| |||| 00| 0 spa d | ||
| 040 |
_aMUNICIPALIDAD PROVINCIAL DEL CUSCO _cBIBLIOTECA MUNICIPAL DEL CUSCO |
||
| 082 |
_a869.1 / _bB81 |
||
| 100 |
_aBravo Adams, Caridad _912062 |
||
| 245 | _aLa mentira / | ||
| 260 |
_aMéxico : _bEditorial Diana, _c1970. |
||
| 300 |
_a302 paginas ; _c19 cm. |
||
| 505 | _aContenido :La mentira. | ||
| 650 |
_aControl de la natalidad _912063 |
||
| 650 |
_aDerechos de la mujer _911616 |
||
| 650 |
_aDerechos reproductivos _912064 |
||
| 942 |
_2ddc _cLIBROS |
||
| 945 | _arum | ||